000 00413nam a2200157Ia 4500
003 GCL
008 140319s9999 xx 000 0 ara d
040 _aGCL /
_cGCL
082 0 4 _aم
_b603
_bا ف
100 1 _aاحمد زكى
245 1 0 _aفى سبيل موسوعة علمية /
_cاحمد زكى
300 _a599
490 _aماذا اعرف
_v0
650 0 4 _aدوائر المعارف
942 _2ddc
_cREF
999 _c59612
_d59612